000 00387nam a22001697a 4500
005 20160613135314.0
008 160613b xxu||||| |||| 00| 0 eng d
020 _a81-7693-099-7
041 _aeng
082 _b7221
100 _aKapoor, Jagdeep
_91508
245 _aBrand Naamkaran
260 _bBPI India (p) ltd
_c2002
300 _a101
650 _aManagement
_9241
942 _cBK
999 _c2514
_d2513